01487cam a22003617a 4500003000500000005001700005008004100022010001000063011001000073035001000083040000900093090001000102100004300112245010800155260004100263300003700304502009300341590003700434590004100471590004100512590004200553650005300595650003900648650002800687901000700715905001300722942000900735949005500744949004200799999001700841952014000858952012700998CHAP20220329142350.0001002d2000 mx b r 00110 spa d a82432 a83404 a93917 cCHAP aTesis00aSandoval Contreras, Rigoberto.910210810aPerspectivas del ejido en la cuna del agrarismo:bTepalcingo Morelosc/por Rigoberto Sandoval Contreras aChapingo, Méx. :bEl autor,c2000. a114 h. :bcuads., mapa, gráfs. aTesis (Ing. Agr. Esp. en Sociología Rural) -- UACH. Departamento de Sociología Rural aALEPHb10c20130110lUCH01h1437 aBATCH-UPDb10c20130110lUCH01h0615 aBATCH-UPDb10c20130410lUCH01h0258 aCONVERSIONb10c20130109lUCH01h134614aAgriculturaxAspectos economicosxMorelos.9127414aAgriculturaxCostosxMexico.9138914aEjidosxMorelos.936021 aBK aEdna Luz cFOLL bBCcTESd33724000806147eTS2fc.2h37044i93917si bBCcTESd939171eTS1h37043i93917sb c82432d82432 00102local4053708TESISaBCbBCcPA_TESISd2019-12-31fTESISl0oTesisp33724000806147r2019-12-31 00:00:00tc.2w2019-12-31yTESIS 00102local4051708TESISaBCbBCcPA_TESISd2019-12-31fTESISl0oTesisp939171r2019-12-31 00:00:00w2019-12-31yTESIS